[Event "Mondiale Lampo FIDE 2024"]
[Site "New York"]
[Date "31.15.08"]
[Round "1.1"]
[White "Bezold, Michael"]
[Black "Carlsen, Magnus"]
[Result "0-1"]
[WhiteElo "2469"]
[BlackElo "2831"]
[PlyCount "86"]
[EventDate "31.15.08"]

1. c4 e5 2. b3 g6 3. Bb2 Bg7 4. Nf3 d6 5. e3 f5 6. Be2 Nf6 7. O-O O-O 8. d3 c6
9. Qc2 a5 10. Nc3 Na6 11. Rac1 Qe7 12. Rfe1 e4 13. Nd2 Nb4 14. Qb1 exd3 15.
Bxd3 Ng4 16. Nf3 Ne5 17. Be2 g5 18. a3 Na6 19. Na4 Be6 20. c5 Nxf3+ 21. Bxf3
Nxc5 22. Nxc5 dxc5 23. Bxg7 Kxg7 24. Qc2 g4 25. Be2 b6 26. b4 axb4 27. axb4 Ra2
28. Qc3+ Qf6 29. bxc5 Qxc3 30. Rxc3 b5 31. Bf1 Rd8 32. e4 f4 33. e5 Rdd2 34. h3
h5 35. hxg4 hxg4 36. Re4 Rxf2 37. Rc1 Bd5 38. Rd4 Bxg2 39. Bd3 Bd5 40. Bf1 g3
41. Rxd5 cxd5 42. c6 Rac2 43. Rd1 Rxc6 0-1

[Event "Mondiale Lampo FIDE 2024"]
[Site "New York"]
[Date "31.15.08"]
[Round "2.1"]
[White "Carlsen, Magnus"]
[Black "Hovhannisyan, Robert"]
[Result "1-0"]
[WhiteElo "2831"]
[BlackElo "2626"]
[PlyCount "91"]
[EventDate "31.15.08"]

1. Nf3 d5 2. g3 g6 3. Bg2 Bg7 4. O-O e5 5. d3 Nc6 6. e4 dxe4 7. dxe4 Qxd1 8.
Rxd1 Bg4 9. c3 Nf6 10. Re1 Nd7 11. h3 Bxf3 12. Bxf3 h5 13. Nd2 h4 14. Kg2 Nc5
15. Be2 Bh6 16. Nf3 Bxc1 17. Raxc1 hxg3 18. fxg3 Rd8 19. Rc2 a5 20. b4 axb4 21.
cxb4 Nd3 22. Rb1 Ndxb4 23. Rcb2 Ra8 24. Bc4 O-O 25. Rxb4 Nxb4 26. Rxb4 Ra7 27.
Nxe5 Kg7 28. Kf3 c6 29. Rb6 Re8 30. Nd3 Ra4 31. Nb2 Ra3+ 32. Bb3 Re7 33. Nc4
Ra8 34. Nd6 Rd7 35. e5 f6 36. Rxb7 Rxb7 37. exf6+ Kxf6 38. Nxb7 Ke5 39. Kg4 Kd4
40. Kg5 c5 41. Nd6 Ra6 42. Nc4 Ke4 43. h4 Kf3 44. g4 Ra8 45. Ne5+ Ke4 46. Nxg6
1-0

[Event "Mondiale Lampo FIDE 2024"]
[Site "New York"]
[Date "31.15.08"]
[Round "3.1"]
[White "Bok, Benjamin"]
[Black "Carlsen, Magnus"]
[Result "1/2-1/2"]
[WhiteElo "2593"]
[BlackElo "2831"]
[PlyCount "97"]
[EventDate "31.15.08"]

1. d4 Nf6 2. c4 e6 3. Nc3 Bb4 4. Qc2 d6 5. e3 O-O 6. Bd3 c5 7. dxc5 dxc5 8. Nf3
Nc6 9. O-O Bxc3 10. Qxc3 e5 11. Nd2 Qe7 12. b3 Rd8 13. Ne4 Bf5 14. Nxf6+ Qxf6
15. Bxf5 Qxf5 16. Bb2 Rd3 17. Qc2 Nb4 18. Qe2 Rad8 19. Rad1 Rxd1 20. Rxd1 Rxd1+
21. Qxd1 Nd3 22. Qd2 e4 23. h3 h5 24. Bc3 Kh7 25. Qe2 Kg6 26. Qd2 f6 27. Qe2 h4
28. Bd2 Kf7 29. f4 Kg6 30. Bc3 Qh5 31. Qxh5+ Kxh5 32. Bd2 g5 33. fxg5 fxg5 34.
Kf1 g4 35. Ke2 Kg5 36. Be1 Nc1+ 37. Kd1 Nxa2 38. Kc2 Nb4+ 39. Bxb4 cxb4 40. Kb2
gxh3 41. gxh3 Kf5 42. Kc2 Ke5 43. Kb2 Kd6 44. Kc2 Kc5 45. Kb2 a5 46. Kc2 a4 47.
Kb2 axb3 48. Kxb3 b6 49. Ka4 1/2-1/2

[Event "Mondiale Lampo FIDE 2024"]
[Site "New York"]
[Date "31.15.08"]
[Round "4.1"]
[White "Carlsen, Magnus"]
[Black "Shimanov, Aleksandr"]
[Result "1-0"]
[WhiteElo "2831"]
[BlackElo "2593"]
[PlyCount "35"]
[EventDate "31.15.08"]

1. c4 g6 2. e4 Bg7 3. d4 d6 4. Nf3 e5 5. Nc3 Nc6 6. Bg5 f6 7. Be3 Nh6 8. dxe5
dxe5 9. Qxd8+ Kxd8 10. O-O-O+ Bd7 11. h3 Nf7 12. c5 Kc8 13. Bc4 Nfd8 14. Rd2
Be6 15. Nd5 Re8 16. Rhd1 Nf7 17. g4 a6 18. Nxc7 1-0

[Event "Mondiale Lampo FIDE 2024"]
[Site "New York"]
[Date "31.15.08"]
[Round "5.1"]
[White "Carlsen, Magnus"]
[Black "Shankland, Sam"]
[Result "1/2-1/2"]
[WhiteElo "2831"]
[BlackElo "2672"]
[PlyCount "94"]
[EventDate "31.15.08"]

1. c4 g6 2. g3 Bg7 3. Bg2 Nf6 4. Nc3 O-O 5. Nf3 c5 6. d4 d5 7. cxd5 Nxd5 8. O-O
Nc6 9. Nxd5 Qxd5 10. Be3 cxd4 11. Nxd4 Qc4 12. b3 Qa6 13. Nxc6 bxc6 14. Rc1
Qxa2 15. Rxc6 Bb7 16. Rc7 Bxg2 17. Kxg2 Bf6 18. Bh6 Rfd8 19. Qc2 Qxc2 20. Rxc2
Rac8 21. Rfc1 Rxc2 22. Rxc2 Bg7 23. Be3 a6 24. Rc6 Ra8 25. b4 e6 26. Bb6 Bf8
27. Ba5 Rb8 28. Rc4 Be7 29. Kf3 Kf8 30. Ke3 Ke8 31. Kd3 Bd6 32. e4 Kd7 33. f4
e5 34. f5 h5 35. h3 Rg8 36. g4 hxg4 37. hxg4 Rh8 38. fxg6 fxg6 39. Rc2 Rh4 40.
Rf2 Rxg4 41. Rf7+ Kc6 42. Ra7 Kb5 43. Rb7+ Ka4 44. Rb6 Bf8 45. Rxa6 Bxb4 46.
Bc7+ Kb5 47. Re6 Rg3+ 1/2-1/2

[Event "Mondiale Lampo FIDE 2024"]
[Site "New York"]
[Date "31.15.08"]
[Round "6.1"]
[White "Mamedyarov, Shakhriyar"]
[Black "Carlsen, Magnus"]
[Result "0-1"]
[WhiteElo "2738"]
[BlackElo "2831"]
[PlyCount "46"]
[EventDate "31.15.08"]

1. d4 Nf6 2. Bg5 g6 3. Nd2 Bg7 4. e3 c5 5. c3 cxd4 6. exd4 O-O 7. Ngf3 Nc6 8.
Bd3 h6 9. Bh4 d6 10. O-O e5 11. Re1 exd4 12. cxd4 Nb4 13. Bc4 Bf5 14. Rc1 d5
15. Qb3 Nc2 16. Bxf6 dxc4 17. Qxc2 Qxf6 18. Qxc4 Rac8 19. Qb3 b6 20. h3 Qd6 21.
Rc3 Be6 22. Qa4 a5 23. Nc4 Qb4 0-1

[Event "Mondiale Lampo FIDE 2024"]
[Site "New York"]
[Date "31.15.08"]
[Round "7.1"]
[White "Carlsen, Magnus"]
[Black "Aronian, Levon"]
[Result "1-0"]
[WhiteElo "2831"]
[BlackElo "2747"]
[PlyCount "119"]
[EventDate "31.15.08"]

1. e4 e5 2. Nf3 Nc6 3. Bb5 a6 4. Ba4 Nf6 5. O-O Nxe4 6. d4 Be7 7. Re1 b5 8. Bb3
d5 9. dxe5 Be6 10. c3 O-O 11. Nbd2 Nc5 12. Nd4 Qd7 13. Bc2 Bg4 14. f3 Bh5 15.
Nf1 Bg6 16. f4 Nxd4 17. cxd4 Bxc2 18. Qxc2 Ne4 19. Nd2 Bb4 20. Nxe4 Bxe1 21.
Nc5 Qc6 22. Bd2 Bh4 23. f5 Be7 24. Rc1 Bxc5 25. Qxc5 Qxc5 26. Rxc5 c6 27. Kf2
Rac8 28. Bb4 Rfd8 29. Kf3 Rd7 30. Kf4 a5 31. Bxa5 Ra7 32. b4 Kf8 33. Rc3 Ke7
34. a3 Kd7 35. Rh3 Rh8 36. Bb6 Raa8 37. Bc5 Rag8 38. Re3 Re8 39. g4 g6 40. Kg5
gxf5 41. gxf5 h5 42. Kf6 Rh7 43. Rg3 Ra8 44. e6+ fxe6 45. fxe6+ Kc7 46. h4 Re8
47. Rg6 Kd8 48. Ke5 Kc7 49. Rf6 Rg7 50. Kf5 Rg4 51. Rf7+ Kc8 52. Ra7 Kb8 53. e7
Rxh4 54. Ke6 Re4+ 55. Kf7 Rc8 56. Rd7 h4 57. Bd6+ Ka8 58. Rd8 Kb7 59. Rxc8 Kxc8
60. e8=Q+ 1-0

[Event "Mondiale Lampo FIDE 2024"]
[Site "New York"]
[Date "31.15.08"]
[Round "8.1"]
[White "Caruana, Fabiano"]
[Black "Carlsen, Magnus"]
[Result "1/2-1/2"]
[WhiteElo "2805"]
[BlackElo "2831"]
[PlyCount "90"]
[EventDate "31.15.08"]

1. e4 c5 2. Nf3 e6 3. c3 d5 4. exd5 exd5 5. d4 Nf6 6. Bb5+ Bd7 7. Bxd7+ Nbxd7
8. O-O Be7 9. dxc5 Nxc5 10. Be3 O-O 11. Nbd2 Re8 12. h3 h6 13. Qc2 a5 14. a4
Bf8 15. Nb3 Nce4 16. Rad1 Qd7 17. Nbd4 Rac8 18. Nb5 Bc5 19. Rfe1 b6 20. Bd4
Bxd4 21. Rxd4 Ng5 22. Rxe8+ Rxe8 23. Nxg5 hxg5 24. Rd1 g4 25. hxg4 Nxg4 26. Qd3
Qe7 27. f3 Qe1+ 28. Rxe1 Rxe1+ 29. Qf1 Rxf1+ 30. Kxf1 Ne3+ 31. Ke2 Nxg2 32. Nc7
Nf4+ 33. Ke3 g5 34. Na8 Kf8 35. Nxb6 Ke7 36. b4 axb4 37. cxb4 Kd6 38. b5 f5 39.
Nc8+ Kc5 40. b6 d4+ 41. Kf2 Kc6 42. a5 Nd3+ 43. Ke2 Nc5 44. Ne7+ Kb5 45. Nxf5
d3+ 1/2-1/2

[Event "Mondiale Lampo FIDE 2024"]
[Site "New York"]
[Date "31.15.08"]
[Round "9.1"]
[White "Carlsen, Magnus"]
[Black "Nepomniachtchi, Ian"]
[Result "1/2-1/2"]
[WhiteElo "2831"]
[BlackElo "2755"]
[PlyCount "78"]
[EventDate "31.15.08"]

1. e4 e5 2. Nf3 Nf6 3. Nxe5 d6 4. Nf3 Nxe4 5. d3 Nf6 6. d4 d5 7. Bd3 Bd6 8.
Qe2+ Be6 9. Ng5 Qe7 10. Nxe6 fxe6 11. c3 O-O 12. O-O Nbd7 13. f4 c5 14. Nd2 a6
15. Nf3 b5 16. Bd2 b4 17. Rae1 Rfe8 18. Ne5 a5 19. Qf3 bxc3 20. bxc3 cxd4 21.
cxd4 Bb4 22. Re2 Bxd2 23. Rxd2 Qb4 24. Qe3 Nxe5 25. fxe5 Ng4 26. Qh3 g6 27.
Bxg6 hxg6 28. Rdd1 Nxe5 29. dxe5 Ra7 30. Rf6 Qe4 31. Rdf1 d4 32. Rxe6 Rxe6 33.
Qxe6+ Kh7 34. Qd6 Qe3+ 35. Kh1 Qe2 36. Qf6 d3 37. Qh4+ Kg7 38. Qf6+ Kh7 39.
Qh4+ Kg7 1/2-1/2

[Event "Mondiale Lampo FIDE 2024"]
[Site "New York"]
[Date "31.15.08"]
[Round "11.1"]
[White "Carlsen, Magnus"]
[Black "Niemann, Hans Moke"]
[Result "1/2-1/2"]
[WhiteElo "2831"]
[BlackElo "2734"]
[PlyCount "119"]
[EventDate "31.15.08"]

1. e4 e5 2. Nf3 Nc6 3. Nc3 Nf6 4. h3 d5 5. exd5 Nxd5 6. Bb5 Nxc3 7. bxc3 Bd6 8.
O-O O-O 9. Re1 Re8 10. d4 Bd7 11. Rb1 a6 12. Bd3 exd4 13. Rxe8+ Qxe8 14. Ng5 h6
15. Ne4 Qe5 16. Nxd6 Qxd6 17. cxd4 Nxd4 18. Rxb7 Bc6 19. Rb1 Re8 20. Be3 Nb5
21. Qg4 Bd7 22. Qb4 Qf6 23. a4 Nd6 24. Qa5 Nf5 25. Qxc7 Bxa4 26. Bc5 Nh4 27.
Rb8 Qe6 28. Kh2 Bc6 29. Qg3 Nxg2 30. Bd4 g5 31. Rxe8+ Qxe8 32. Qd6 Nh4 33. Kg3
Qe6 34. Qd8+ Be8 35. f4 f5 36. fxg5 Ng6 37. Qf6 Qxf6 38. gxf6 Bd7 39. Bxa6 f4+
40. Kf2 Kf7 41. Bf1 Be6 42. c4 Nh4 43. c5 Nf5 44. Be5 Ng3 45. Bd3 Nh5 46. h4
Bd5 47. Ke2 f3+ 48. Ke3 Nxf6 49. Kd4 Bc6 50. Bf4 Ng4 51. Bg3 f2 52. Bf1 Kf6 53.
Bf4 h5 54. Bg5+ Ke6 55. Bf4 Kf5 56. Bg3 Be4 57. Bb8 Bc6 58. Bg3 Kf6 59. Bd6 Ke6
60. Bg3 1/2-1/2

[Event "Mondiale Lampo FIDE 2024"]
[Site "New York"]
[Date "31.15.08"]
[Round "12.1"]
[White "Carlsen, Magnus"]
[Black "Sevian, Samuel"]
[Result "1-0"]
[WhiteElo "2831"]
[BlackElo "2696"]
[PlyCount "151"]
[EventDate "31.15.08"]

1. e4 e5 2. Nf3 Nc6 3. Bb5 a6 4. Ba4 Nf6 5. O-O Nxe4 6. d4 b5 7. Bb3 d5 8. dxe5
Be6 9. Qe2 Be7 10. Rd1 O-O 11. c3 f5 12. exf6 Bxf6 13. Nbd2 Nc5 14. Bc2 Re8 15.
Nb3 Bf7 16. Be3 Na4 17. Qd3 Bg6 18. Qd2 Bf7 19. Nbd4 Nxd4 20. cxd4 Nb6 21. b3
Qd7 22. Ne5 Bxe5 23. dxe5 Rxe5 24. Bd4 Rh5 25. f3 Bg6 26. Rac1 Re8 27. g4 Rh6
28. Re1 Bxc2 29. Rxe8+ Qxe8 30. Qxc2 Na8 31. Qd2 Re6 32. Qg5 Qd7 33. Kf2 c6 34.
h4 Nc7 35. h5 h6 36. Qd2 Ne8 37. Qc2 Qf7 38. Qf5 Nd6 39. Qxf7+ Kxf7 40. Kg3 Ne8
41. f4 Ke7 42. Kf3 Re4 43. Bb2 Kd6 44. g5 c5 45. Be5+ Kc6 46. gxh6 gxh6 47. Rg1
c4 48. b4 Kd7 49. Rg6 Re1 50. Rxh6 Rh1 51. Ke3 Rh3+ 52. Ke2 Rh2+ 53. Kf3 c3 54.
Rh7+ Ke6 55. Rh6+ Kd7 56. Rg6 c2 57. Rg1 Rxh5 58. Ke3 Rh3+ 59. Kd2 Rh2+ 60. Kc1
Re2 61. Rg6 Re4 62. a3 Rc4 63. f5 d4 64. Rg4 d3 65. Rxc4 bxc4 66. a4 Kc6 67. f6
Nxf6 68. Bxf6 Kd5 69. Kd2 Kc6 70. Bg5 Kd5 71. Kc3 a5 72. b5 Kc5 73. Kd2 Kd4 74.
Bf6+ Kc5 75. Bc3 Kb6 76. Kc1 1-0

[Event "Mondiale Lampo FIDE 2024 - Quarti"]
[Site "New York"]
[Date "31.15.08"]
[Round "1.1"]
[White "Carlsen, Magnus"]
[Black "Niemann, Hans Moke"]
[Result "1/2-1/2"]
[WhiteElo "2831"]
[BlackElo "2734"]
[PlyCount "86"]
[EventDate "31.15.08"]

1. c4 Nf6 2. Nc3 e5 3. g3 Bb4 4. Nf3 e4 5. Nd4 O-O 6. Bg2 Re8 7. Nc2 Bxc3 8.
dxc3 h6 9. c5 b6 10. cxb6 axb6 11. c4 d5 12. cxd5 Qxd5 13. Qxd5 Nxd5 14. O-O
Nd7 15. Rd1 N7f6 16. Ne3 Be6 17. a3 c6 18. Nxd5 Bxd5 19. Be3 b5 20. Rac1 Ng4
21. Bd4 Ne5 22. Bxe5 Rxe5 23. e3 Kf8 24. Bf1 Ke7 25. Rd4 Kd6 26. Be2 c5 27. Rd2
c4 28. Kf1 Kc5 29. Ke1 Be6 30. Rcd1 Rd5 31. Rxd5+ Bxd5 32. Kd2 b4 33. axb4+
Kxb4 34. Kc2 Kc5 35. Kc3 Ra4 36. h4 g6 37. Bg4 Ra7 38. Be2 f5 39. Rg1 h5 40.
Rd1 Ra8 41. Bf1 Ra7 42. Be2 Ra8 43. Bf1 Ra7 1/2-1/2

[Event "Mondiale Lampo FIDE 2024 - Quarti"]
[Site "New York"]
[Date "31.15.08"]
[Round "1.2"]
[White "Niemann, Hans Moke"]
[Black "Carlsen, Magnus"]
[Result "1-0"]
[WhiteElo "2734"]
[BlackElo "2831"]
[PlyCount "81"]
[EventDate "31.15.08"]

1. e4 c5 2. Nf3 Nc6 3. Bb5 e5 4. Nc3 d6 5. Bc4 Be7 6. d3 Nf6 7. h3 O-O 8. Nh2
Be6 9. Ng4 Nd4 10. a4 a6 11. Nxf6+ Bxf6 12. Nd5 b5 13. axb5 Nxb5 14. Bd2 Bg5
15. Ba5 Qb8 16. O-O Kh8 17. Qh5 Bd8 18. Bxd8 Qxd8 19. f4 f6 20. fxe5 dxe5 21.
Kh2 Nd6 22. b3 a5 23. Nc3 Nxc4 24. dxc4 Qd2 25. Na4 Qxc2 26. Nxc5 Bf7 27. Qd1
Qxd1 28. Rfxd1 Rfb8 29. Ra3 Rc8 30. Nb7 Rab8 31. Nd6 Rc7 32. Rxa5 Kg8 33. Rb5
Ra8 34. Nxf7 Kxf7 35. c5 Ra2 36. b4 Rb2 37. Rb8 Rxc5 38. Rd7+ Ke6 39. Rxg7 Rc6
40. b5 Rd6 41. Re8# 1-0

[Event "Mondiale Lampo FIDE 2024 - Quarti"]
[Site "New York"]
[Date "31.15.08"]
[Round "1.3"]
[White "Carlsen, Magnus"]
[Black "Niemann, Hans Moke"]
[Result "1-0"]
[WhiteElo "2831"]
[BlackElo "2734"]
[PlyCount "77"]
[EventDate "31.15.08"]

1. d4 Nf6 2. Bf4 d5 3. e3 Bf5 4. c4 e6 5. Nc3 Nbd7 6. Nf3 Bb4 7. Be2 O-O 8. O-O
h6 9. Qb3 Bxc3 10. bxc3 b6 11. cxd5 exd5 12. c4 Be6 13. Rac1 c5 14. Rfd1 Qe7
15. dxc5 Nxc5 16. Qb2 Rfd8 17. cxd5 Nxd5 18. Be5 f6 19. Bd4 Rac8 20. h3 Na4 21.
Qa1 Nc5 22. Qb1 Na4 23. Qa1 Nc5 24. Bc4 Bf7 25. a4 Nb4 26. Bxc5 Rxd1+ 27. Rxd1
bxc5 28. Qc3 Na2 29. Qd3 Nb4 30. Qf5 Rd8 31. Rxd8+ Qxd8 32. Qxc5 a5 33. Nd4
Bxc4 34. Qxc4+ Kh7 35. Qf7 Qg8 36. Qe7 Nd5 37. Qc5 Qd8 38. Ne6 Qb8 39. Qxd5 1-0

[Event "Mondiale Lampo FIDE 2024 - Quarti"]
[Site "New York"]
[Date "31.15.08"]
[Round "1.4"]
[White "Niemann, Hans Moke"]
[Black "Carlsen, Magnus"]
[Result "0-1"]
[WhiteElo "2734"]
[BlackElo "2831"]
[PlyCount "170"]
[EventDate "31.15.08"]

1. e4 e5 2. Nf3 Nc6 3. Bc4 Bc5 4. d3 Nf6 5. O-O O-O 6. h3 h6 7. c3 d6 8. Re1 a6
9. Nbd2 Re8 10. Nf1 Ba7 11. Ng3 Be6 12. Bxe6 Rxe6 13. d4 Re8 14. Be3 exd4 15.
Bxd4 Nxd4 16. cxd4 c6 17. Qb3 Rb8 18. Rad1 Re6 19. Qc2 g6 20. Qc1 Kg7 21. Qf4
Qe7 22. Nh4 Kh7 23. Nf3 Re8 24. e5 Nd5 25. Qg4 dxe5 26. Rxe5 Bb8 27. Rxe6 Qxe6
28. Qh4 Qe7 29. Qxe7 Rxe7 30. Nf1 Kg7 31. g3 Re2 32. N1d2 Ba7 33. Kf1 Re7 34.
a3 Nc7 35. Nc4 Rd7 36. Ne3 Ne6 37. Nc2 f5 38. Ke2 Kf6 39. Kd3 c5 40. Kc3 cxd4+
41. Nfxd4 Ng5 42. Rf1 Ne4+ 43. Kd3 Nc5+ 44. Ke2 Na4 45. Nf3 Re7+ 46. Kd2 Nxb2
47. Nb4 Rd7+ 48. Kc3 Na4+ 49. Kc2 Nc5 50. Nd2 Ne6 51. Nb3 g5 52. f3 Bb8 53. g4
Nf4 54. Re1 Be5 55. Kb1 Rc7 56. Rd1 Rc3 57. Ka2 Rxf3 58. Nc5 Rxh3 59. Nd7+ Ke6
60. Nc5+ Kf7 61. gxf5 Kf6 62. Rd7 Kxf5 63. Rxb7 a5 64. Nc6 Rh2+ 65. Kb1 Bf6 66.
Rb5 Kg4 67. Ne4 Bg7 68. Rxa5 Rb2+ 69. Kc1 Ne2+ 70. Kd1 Nc3+ 71. Nxc3 Bxc3 72.
Rc5 Bf6 73. a4 Ra2 74. a5 h5 75. Nb4 Ra4 76. Rc4+ Kf3 77. Rc6 Rxb4 78. Rxf6+
Kg3 79. a6 Ra4 80. Kc2 h4 81. Kb3 Ra1 82. Kb2 Ra5 83. Kb3 h3 84. Kb4 Ra1 85.
Kb5 h2 0-1

[Event "Mondiale Lampo FIDE 2024 - Finale"]
[Site "New York"]
[Date "31.15.08"]
[Round "3.1"]
[White "Nepomniachtchi, Ian"]
[Black "Carlsen, Magnus"]
[Result "0-1"]
[WhiteElo "2755"]
[BlackElo "2831"]
[PlyCount "114"]
[EventDate "31.15.08"]

1. e4 c5 2. Nf3 Nc6 3. Bb5 g6 4. O-O Bg7 5. Re1 e5 6. Bxc6 dxc6 7. d3 Qe7 8. a4
Nf6 9. a5 O-O 10. Be3 Rd8 11. Qc1 c4 12. Ra3 cxd3 13. cxd3 Nh5 14. Bg5 Bf6 15.
Bxf6 Qxf6 16. Qc5 Re8 17. Nbd2 Bg4 18. h3 Bxf3 19. Nxf3 Nf4 20. Kh2 b6 21. axb6
axb6 22. Rxa8 bxc5 23. Rxe8+ Kg7 24. Re3 Qd6 25. Ne1 c4 26. dxc4 Qd2 27. Kg1
Qxb2 28. Rc8 Qb7 29. Rd8 Qb4 30. Nf3 Qxc4 31. Rd7 Qc1+ 32. Re1 Qc3 33. Re3 Qb2
34. Ng5 Qc1+ 35. Kh2 Qf1 36. Rxf7+ Kg8 37. Rxf4 exf4 38. Rf3 h6 39. Ne6 g5 40.
e5 Qc4 41. Nd8 Qd5 42. Nb7 Qxe5 43. Kg1 c5 44. Kh2 c4 45. Ra3 f3+ 46. Kg1 Qb2
47. Ra8+ Kg7 48. Nc5 Qc1+ 49. Kh2 Qf1 50. Ra7+ Kg8 51. Ra8+ Kf7 52. Ra7+ Ke8
53. Ra8+ Ke7 54. Ra7+ Kd8 55. Ne6+ Kc8 56. Rc7+ Kb8 57. gxf3 Qxf2+ 0-1

[Event "Mondiale Lampo FIDE 2024 - Finale"]
[Site "New York"]
[Date "31.15.08"]
[Round "3.2"]
[White "Carlsen, Magnus"]
[Black "Nepomniachtchi, Ian"]
[Result "1-0"]
[WhiteElo "2831"]
[BlackElo "2755"]
[PlyCount "71"]
[EventDate "31.15.08"]

1. e4 c5 2. c3 d5 3. exd5 Qxd5 4. d4 Nf6 5. Nf3 e6 6. Be2 Nc6 7. O-O cxd4 8.
cxd4 Be7 9. Nc3 Qd6 10. Nb5 Qd8 11. Bf4 Nd5 12. Bg3 O-O 13. Rc1 Bd7 14. Nc3
Nxc3 15. bxc3 Qa5 16. Qb3 b6 17. Rfd1 Qa3 18. Qb1 Rfd8 19. h4 Rac8 20. Ng5 Bxg5
21. hxg5 Ne7 22. c4 Qa5 23. Bf4 Ba4 24. Rd3 Qf5 25. Be3 Bc6 26. Ra3 Be4 27. Qb2
Rd7 28. f3 Bxf3 29. Bxf3 Ng6 30. Qc2 Nh4 31. Qxf5 Nxf5 32. d5 Nxe3 33. Rxe3 Rc5
34. dxe6 fxe6 35. Bg4 Rd2 36. Bxe6+ 1-0

[Event "Mondiale Lampo FIDE 2024 - Finale"]
[Site "New York"]
[Date "31.15.08"]
[Round "3.3"]
[White "Nepomniachtchi, Ian"]
[Black "Carlsen, Magnus"]
[Result "1-0"]
[WhiteElo "2755"]
[BlackElo "2831"]
[PlyCount "107"]
[EventDate "31.15.08"]

1. c4 e5 2. Nc3 Nf6 3. Nf3 Nc6 4. e3 d5 5. cxd5 Nxd5 6. Bb5 Nxc3 7. bxc3 Bd6 8.
d4 Qf6 9. O-O O-O 10. Re1 h6 11. a4 a6 12. Bd3 Re8 13. Nd2 Bf5 14. Bxf5 Qxf5
15. d5 Na5 16. e4 Qd7 17. Nf1 c6 18. Ne3 cxd5 19. Nxd5 Qe6 20. Re3 Rad8 21. Rg3
Bf8 22. Rb1 f5 23. Qf1 fxe4 24. Nc7 Qa2 25. Bxh6 Qxa4 26. Nxe8 Qxe8 27. h3 b5
28. Ra1 Nc4 29. Rxa6 Qh5 30. Rg4 Rd7 31. Qe2 Qf5 32. Be3 Rd3 33. Ra8 Nxe3 34.
fxe3 Rxc3 35. Rg3 b4 36. Kh2 Kh7 37. Qe1 Be7 38. Ra7 Bf6 39. Rb7 Kh6 40. Rxb4
Rd3 41. Rg4 Bg5 42. Rbxe4 g6 43. Qg3 Bf6 44. Ra4 Bg5 45. Rge4 Rd1 46. Qf3 Qxf3
47. gxf3 Bf6 48. Ra6 Kg7 49. Rc4 Bg5 50. Rg4 Bxe3 51. Rgxg6+ Kf7 52. Rgd6 Bg1+
53. Kg2 Bd4 54. Rd7+ 1-0

[Event "Mondiale Lampo FIDE 2024 - Finale"]
[Site "New York"]
[Date "31.15.08"]
[Round "3.4"]
[White "Carlsen, Magnus"]
[Black "Nepomniachtchi, Ian"]
[Result "0-1"]
[WhiteElo "2831"]
[BlackElo "2755"]
[PlyCount "62"]
[EventDate "31.15.08"]

1. e4 e6 2. d4 d5 3. Nc3 Nf6 4. e5 Nfd7 5. Nce2 c5 6. c3 Nc6 7. a3 a5 8. Nf3 a4
9. h4 Nb6 10. Nf4 Na5 11. Rb1 Bd7 12. Bd3 h6 13. O-O Qc7 14. Re1 Nbc4 15. Nh5
Bb5 16. dxc5 Qxc5 17. Nd4 Bd7 18. Qg4 O-O-O 19. Qf4 Qe7 20. b3 axb3 21. Nxb3
Nxb3 22. Rxb3 Bc6 23. Be3 g5 24. Qd4 gxh4 25. Nf6 Bg7 26. Reb1 Bxf6 27. exf6
Qc7 28. Qa7 Rhg8 29. Bf4 Qxf4 30. Rxb7 Rxg2+ 31. Kxg2 Ne3+ 0-1

[Event "Mondiale Lampo FIDE 2024 - Finale"]
[Site "New York"]
[Date "31.15.08"]
[Round "3.5"]
[White "Nepomniachtchi, Ian"]
[Black "Carlsen, Magnus"]
[Result "1/2-1/2"]
[WhiteElo "2755"]
[BlackElo "2831"]
[PlyCount "85"]
[EventDate "31.15.08"]

1. e4 c5 2. Nf3 Nc6 3. Bb5 g6 4. O-O Bg7 5. Re1 e5 6. Bxc6 dxc6 7. d3 Qe7 8. a4
Nf6 9. a5 O-O 10. Be3 Rd8 11. Qc1 c4 12. Ra3 cxd3 13. cxd3 Nh5 14. Bg5 Bf6 15.
Bxf6 Qxf6 16. Qc3 Re8 17. Nbd2 Bg4 18. h3 Bxf3 19. Nxf3 Nf4 20. Kh2 Rad8 21.
Re3 b6 22. axb6 axb6 23. b4 Rd6 24. Ra2 Red8 25. Rd2 Rd4 26. g3 Ne6 27. Qb2 Ng5
28. Nxd4 exd4 29. h4 Qe6 30. hxg5 dxe3 31. fxe3 Qg4 32. Qf6 Rxd3 33. Ra2 Qc8
34. e5 Qd8 35. Ra7 Rd7 36. Qxd8+ Rxd8 37. Rc7 Rd3 38. e6 fxe6 39. Rxc6 Rxe3 40.
Rxb6 Re5 41. Kh3 Rxg5 42. Rxe6 Rb5 43. Re4 1/2-1/2

[Event "Mondiale Lampo FIDE 2024 - Finale"]
[Site "New York"]
[Date "31.15.08"]
[Round "3.6"]
[White "Carlsen, Magnus"]
[Black "Nepomniachtchi, Ian"]
[Result "1/2-1/2"]
[WhiteElo "2831"]
[BlackElo "2755"]
[PlyCount "61"]
[EventDate "31.15.08"]

1. d4 Nf6 2. Bf4 d5 3. e3 e6 4. Nf3 c5 5. Be2 Qb6 6. b3 Bd6 7. dxc5 Qxc5 8.
Bxd6 Qxd6 9. c4 Qb4+ 10. Nbd2 dxc4 11. a3 Qe7 12. Nxc4 O-O 13. O-O Rd8 14. Qc2
Nc6 15. b4 a6 16. Rfd1 Bd7 17. Nb6 Rab8 18. Nxd7 Rxd7 19. Rxd7 Qxd7 20. Rd1 Qe7
21. g3 g6 22. Kg2 Rd8 23. Rc1 Rd6 24. Nd2 Ne5 25. Qb2 Qd8 26. Ne4 Nxe4 27. Qxe5
Rd2 28. Qxe4 Rxe2 29. Qf3 Ra2 30. Qxb7 Qf6 31. Qf3 1/2-1/2

[Event "Mondiale Lampo FIDE 2024 - Finale"]
[Site "New York"]
[Date "31.15.08"]
[Round "3.7"]
[White "Nepomniachtchi, Ian"]
[Black "Carlsen, Magnus"]
[Result "1/2-1/2"]
[WhiteElo "2755"]
[BlackElo "2831"]
[PlyCount "95"]
[EventDate "31.15.08"]

1. e4 e5 2. Nf3 Nc6 3. Bc4 Be7 4. d3 Nf6 5. O-O O-O 6. Nbd2 d6 7. a4 a5 8. Re1
Be6 9. b3 h6 10. Nf1 Re8 11. Ng3 Bf8 12. Bb2 g6 13. Bxe6 Rxe6 14. d4 exd4 15.
Nxd4 Nxd4 16. Bxd4 Bg7 17. Qd3 Nd7 18. Bxg7 Kxg7 19. Qc3+ Kg8 20. f4 Nc5 21. e5
Qe7 22. exd6 Qxd6 23. f5 Rxe1+ 24. Rxe1 Rd8 25. fxg6 fxg6 26. Qxa5 Qd4+ 27. Kh1
b6 28. Qb5 Ne4 29. Nxe4 Qxe4 30. Qf1 Qxc2 31. h3 Rf8 32. Qb5 Qc3 33. Qd5+ Kh8
34. Qe6 Kg7 35. Rd1 Rf7 36. Kh2 h5 37. Rd5 h4 38. Rg5 Qf6 39. Qxf6+ Kxf6 40.
Rg4 g5 41. b4 c5 42. Kg1 Rd7 43. bxc5 bxc5 44. Kf2 Rd2+ 45. Ke3 Ra2 46. Kd3 c4+
47. Kxc4 Rxa4+ 48. Kd5 1/2-1/2